Archive fever : (Record no. 129)

MARC details
000 -LEADER
campo de control de longitud fija 02970mam a2200445 a 4500
001 - NÚMERO DE CONTROL
campo de control 1885289
003 - IDENTIFICADOR DE NÚMERO DE CONTROL
campo de control ZXCNNVF
005 - FECHA Y HORA DE LA ÚLTIMA TRANSACCIÓN
campo de control 20220326193251.0
008 - DATOS DE LONGITUD FIJA--INFORMACIÓN GENERAL
campo de control de longitud fija 960423s1996 ilu b 000 0 eng
010 ## - NÚMERO DE CONTROL DE LA BIBLIOTECA DEL CONGRESO
Número de control de LC 96018568
020 ## - NÚMERO INTERNACIONAL ESTÁNDAR DEL LIBRO
Número Internacional Estándar del Libro 0226143368 (cloth)
035 ## - NÚMERO DE CONTROL DEL SISTEMA
Número de control de sistema (OCoLC)ocm34752547
035 ## - NÚMERO DE CONTROL DEL SISTEMA
Número de control de sistema (NNC)1885289
040 ## - FUENTE DE CATALOGACIÓN
Centro catalogador/agencia de origen DLC
Centro/agencia transcriptor DLC
Centro/agencia modificador YDX
-- OrLoB-B
041 1# - CÓDIGO DE IDIOMA
Código de lengua del texto/banda sonora o título independiente eng
Código de lengua original fre
050 00 - SIGNATURA TOPOGRÁFICA DE LA BIBLIOTECA DEL CONGRESO
Número de clasificación BD181.7
Número de ítem .D4713 1996
082 00 - NÚMERO DE LA CLASIFICACIÓN DECIMAL DEWEY
Número de clasificación 194
Número de ítem D438a
100 1# - ENTRADA PRINCIPAL--NOMBRE DE PERSONA
Nombre de persona Derrida, Jacques.
9 (RLIN) 637
240 10 - TÍTULO UNIFORME
Título uniforme Mal d'archive.
Lenguaje de la obra English
245 10 - MENCIÓN DEL TÍTULO
Título Archive fever :
Resto del título a Freudian impression /
Mención de responsabilidad, etc. Jacques Derrida ; translated by Eric Prenowitz.
260 ## - PUBLICACIÓN, DISTRIBUCIÓN, ETC.
Lugar de publicación, distribución, etc. Chicago :
Nombre del editor, distribuidor, etc. University of Chicago Press,
Fecha de publicación, distribución, etc. 1996.
300 ## - DESCRIPCIÓN FÍSICA
Extensión 113 p. ;
Dimensiones 23 cm.
490 1# - MENCIÓN DE SERIE
Mención de serie Religion and postmodernism
500 ## - NOTA GENERAL
Nota general Originally presented as a lecture June 5, 1994, at a colloquium in London, England.
504 ## - NOTA DE BIBLIOGRAFÍA, ETC.
Nota de bibliografía, etc. Includes bibliographical references (p. 113)
520 ## - RESUMEN, ETC.
Sumario, etc. In his latest work, Jacques Derrida deftly guides us through an extended meditation on remembrance, religion, time, and technology - all fruitfully occasioned by a deconstructive analysis of the notion of archiving. The archival concept has of late played a pivotal role in critical debate. A place of origin, yet of perpetuity, a place of stasis and order, yet of discovery, the notion of archive houses a fascinating complex of diverse, and often disparate, meanings.
520 8# - RESUMEN, ETC.
Sumario, etc. As a depository of civic record and social history whose very name derives from the Greek word for town hall, the archive would seem to be a public entity, yet it is stocked with the personal, even intimate, artifacts of private lives. It is this inherent tension between public and private which inaugurates, for Derrida, an inquiry into the human impulse to preserve, through technology as well as tradition, both a historical and a psychic past.
520 8# - RESUMEN, ETC.
Sumario, etc. What emerges is a marvelous expansive work, engaging at once Judaic mythos, Freudian psychoanalysis, and Marxist materialism in a profound reflection on the real, the unreal, and the virtual.
520 8# - RESUMEN, ETC.
Sumario, etc. Intrigued by the evocative relationship between technologies of inscription and psychic processes, Derrida offers for the first time a major statement on the pervasive impact of electronic media, particularly e-mail, which threaten to transform the entire public and private space of humanity. Plying this rich material with characteristic virtuosity, Derrida constructs a synergistic reading of archives and archiving, both provocative and compelling.
600 10 - PUNTO DE ACCESO ADICIONAL DE MATERIA--NOMBRE DE PERSONA
Nombre de persona Freud, Sigmund,
Fechas asociadas al nombre 1856-1939.
9 (RLIN) 638
650 #0 - PUNTO DE ACCESO ADICIONAL DE MATERIA--TÉRMINO DE MATERIA
Término de materia o nombre geográfico como elemento de entrada Memory (Philosophy)
9 (RLIN) 639
650 #0 - PUNTO DE ACCESO ADICIONAL DE MATERIA--TÉRMINO DE MATERIA
Término de materia o nombre geográfico como elemento de entrada filosofía
Subdivisión general memoria
-- psicoanálisis
-- Freud, Sigmund
9 (RLIN) 640
650 #0 - PUNTO DE ACCESO ADICIONAL DE MATERIA--TÉRMINO DE MATERIA
Término de materia o nombre geográfico como elemento de entrada Psychoanalysis.
9 (RLIN) 641
700 ## - ENTRADA AGREGADA--NOMBRE PERSONAL
Nombre de persona Jaques Derrida
9 (RLIN) 636
830 #0 - PUNTO DE ACCESO ADICIONAL DE SERIE-TÍTULO UNIFORME
Título uniforme Religion and postmodernism.
9 (RLIN) 642
900 ## - ELEMENTOS DE DATOS A LOCAL, LDA (RLIN)
Numeración TOC
948 1# - PROCESAMIENTO DE INFORMACIÓN LOCAL (OCLC); DESIGNADOR DE PARTE DE LA SERIE (RLIN)
Designador de la parte de la serie, SPT (RLIN) 20061101
b (OCLC) c
c (OCLC) sl13
d (OCLC) MPS
948 2# - PROCESAMIENTO DE INFORMACIÓN LOCAL (OCLC); DESIGNADOR DE PARTE DE LA SERIE (RLIN)
Designador de la parte de la serie, SPT (RLIN) 20070710
b (OCLC) a
c (OCLC) rad1
d (OCLC) MPS
948 2# - PROCESAMIENTO DE INFORMACIÓN LOCAL (OCLC); DESIGNADOR DE PARTE DE LA SERIE (RLIN)
Designador de la parte de la serie, SPT (RLIN) 20090107
b (OCLC) a
c (OCLC) rad1
d (OCLC) MPS
Holdings
Estatus retirado Estado de pérdida Fuente del sistema de clasificación o colocación Estado de daño No para préstamo Biblioteca de origen Biblioteca actual Ubicación en estantería Fecha de adquisición Total de préstamos Signatura topográfica completa Código de barras Visto por última vez Precio de reemplazo Tipo de ítem Koha
    Clasificación Decimal Dewey     Biblioteca LadoV Biblioteca LadoV   19/05/2014   194 D438a 000130 19/05/2014 19/05/2014 Material 01